000 00772nam a2200217Ia 4500
005 20150219110829.0
010 _aBAC-CH25
020 _a9789350097588
_c299.00
035 _aG-002980
035 _aB-561151-182
037 _bTechniz/vender
082 _a230.1
100 _aRay, Sandip
245 _aRamayana:
_cSandip Ray
_bfor young readers/
260 _c2013
_aGurgaon
_bHachette India
270 _a4th & 5th Floors, Corporate Centre Plot No.94 Sector 44
_bGurgaon
_e122003
300 _a194p.
_c17cm(pbk)
942 _cCH
_2ddc
_mRAY
_h230.1
999 _c86155
_d86155